| 000 | 00740nam a22002417a 4500 | ||
|---|---|---|---|
| 005 | 20170124105921.0 | ||
| 010 | _aB-60108 | ||
| 020 |
_c00 _a0706922743 |
||
| 035 | _aB-60108 | ||
| 037 | _bCen Lib/Ret | ||
| 040 |
_aDPL _bEN |
||
| 082 |
_a320.6 _bSAI |
||
| 100 |
_aSaigal, Krishan _94392 |
||
| 245 |
_aPolicy making in India : _cby Krishan Saigal _ban approach to optimisation / |
||
| 246 | _b | ||
| 260 |
_bVikas Publishing House _c1983 _aNew Delhi |
||
| 270 |
_bNew Delhi _a5, Ansari Road |
||
| 300 |
_a168p. _c21cm(Hb) |
||
| 500 | _aIncludes bibliographical references and index | ||
| 650 |
_aPolitical Sciences _9833 |
||
| 650 |
_aAdministrative Policies _zIndia _94393 |
||
| 942 |
_2ddc _cEN _h320.6 _mSAI |
||
| 999 |
_c123144 _d123144 |
||